[Event "Oberliga NRW 1718"]
[Site "Germany"]
[Date "2018.04.29"]
[Round "9.4"]
[White "Van Lanen, Toon"]
[Black "Kueppers, Timo"]
[Result "1-0"]
[WhiteElo "2084"]
[BlackElo "2149"]
[PlyCount "75"]
[EventDate "2017.09.17"]
[EventType "team-tourn"]
[EventRounds "9"]
[EventCountry "GER"]
[SourceTitle "EXT 2019"]
[Source "ChessBase"]
[SourceDate "2018.10.10"]
[SourceVersion "1"]
[SourceVersionDate "2018.10.10"]
[SourceQuality "1"]
[WhiteTeam "Gerresheim"]
[BlackTeam "Essen Katernberg"]
[WhiteTeamCountry "GER"]
[BlackTeamCountry "GER"]

1. e4 c5 2. Ne2 d6 3. Nbc3 a6 4. a4 g6 5. g3 Bg7 6. Bg2 Nc6 7. d3 e6 8. 0-0 Nge7 9. Bg5 0-0 10. Qd2 Nd4 11. Nd1 h6 12. Be3 Kh7 13. Nc1 e5 14. c3 Ne6 15. f4 exf4 16. gxf4 f5 17. Ne2 d5 18. e5 d4 19. cxd4 cxd4 20. Bf2 a5 21. b4 g5 22. Nb2 Nd5 23. fxg5 hxg5 24. Bxd5 Qxd5 25. Nc4 Qf3 26. b5 b6 27. Bg3 Qg4 28. Rf2 Bb7 29. h3 Qh5 30. Nd6 Bd5 31. Nc4 Rab8 32. Rh2 Kg8 33. Bf2 Bxc4 34. dxc4 Bxe5 35. Rg2 Rbd8 36. Re1 Nf4 37. Nxf4 Bxf4 38. Qxf4 1-0

[Event "Oberliga NRW 1112"]
[Site "Germany"]
[Date "2011.11.13"]
[Round "3.7"]
[White "Van Lanen, Toon"]
[Black "Meessen, Rudolf"]
[Result "0-1"]
[WhiteElo "2095"]
[BlackElo "2257"]
[PlyCount "48"]
[EventDate "2011.09.18"]
[EventType "team-tourn"]
[EventRounds "9"]
[EventCountry "GER"]
[SourceTitle "EXT 2015"]
[Source "ChessBase"]
[SourceDate "2014.11.20"]
[SourceVersion "1"]
[SourceVersionDate "2014.11.20"]
[SourceQuality "1"]
[WhiteTeam "Gerresheim"]
[BlackTeam "Aachen SV"]
[WhiteTeamCountry "GER"]
[BlackTeamCountry "GER"]

1. e4 e6 2. d4 d5 3. Nd2 Nf6 4. e5 Nfd7 5. c3 c5 6. f4 Nc6 7. Ndf3 Qb6 8. g3 cxd4 9. cxd4 Be7 10. h4 f6 11. Bh3 0-0 12. Ne2 fxe5 13. Bxe6+ Kh8 14. Bxd7 Bxd7 15. Nxe5 Nxe5 16. dxe5 Bg4 17. Qd3 Rac8 18. Nd4 Rc4 19. Be3 Bc5 20. b3 Qb4+ 21. Kf1 Rc3 22. Qd2 Rxe3 23. Qxe3 Bxd4 24. Qe1 Qb5+ 0-1

[Event "Dieren op"]
[Site "Dieren"]
[Date "2003.07.29"]
[Round "7"]
[White "Van Lanen, Toon"]
[Black "Smits, Mark"]
[Result "1-0"]
[WhiteElo "2149"]
[BlackElo "2239"]
[PlyCount "87"]
[EventDate "2003.07.22"]
[EventType "swiss"]
[EventRounds "9"]
[EventCountry "NED"]
[SourceTitle "CBM 095 Extra"]
[Source "ChessBase"]
[SourceDate "2003.09.04"]
[SourceVersion "1"]
[SourceVersionDate "2003.09.04"]
[SourceQuality "1"]

1. e4 Nf6 2. e5 Nd5 3. d4 d6 4. Nf3 Bg4 5. Be2 c6 6. Ng5 Bf5 7. g4 Bg6 8. e6 fxe6 9. Bd3 Bxd3 10. Qxd3 g6 11. Qf3 Nf6 12. Nxe6 Qd7 13. Qe2 Na6 14. Nc3 Nc7 15. Nxc7+ Qxc7 16. Be3 Bg7 17. 0-0-0 b5 18. g5 Nh5 19. Ne4 0-0 20. Ng3 Nxg3 21. hxg3 e5 22. d5 c5 23. Qxb5 e4 24. Qc6 Qa5 25. Qxd6 Rab8 26. b3 Qxa2 27. Kd2 Qb2 28. Qe6+ Rf7 29. Qxe4 Rxb3 30. Rb1 Qc3+ 31. Ke2 Ra3 32. Rhd1 Ra2 33. Rd2 Qa5 34. d6 Qa6+ 35. Qd3 c4 36. Qd5 c3+ 37. Rd3 Rxc2+ 38. Kf1 Rb2 39. Re1 Rb5 40. Qc4 Qb7 41. Kg1 Rb4 42. Qxf7+ Kxf7 43. d7 Rb1 44. Bc1 1-0

[Event "Dieren op"]
[Site "Dieren"]
[Date "2003.07.28"]
[Round "6"]
[White "Van Lanen, Toon"]
[Black "Vedder, Richard"]
[Result "1/2-1/2"]
[WhiteElo "2149"]
[BlackElo "2256"]
[PlyCount "102"]
[EventDate "2003.07.22"]
[EventType "swiss"]
[EventRounds "9"]
[EventCountry "NED"]
[SourceTitle "CBM 095 Extra"]
[Source "ChessBase"]
[SourceDate "2003.09.04"]
[SourceVersion "1"]
[SourceVersionDate "2003.09.04"]
[SourceQuality "1"]

1. e4 c5 2. Nc3 Nc6 3. g3 g6 4. d3 Bg7 5. Bg2 e6 6. Nge2 Nge7 7. Bg5 d6 8. Qd2 Nd4 9. 0-0 0-0 10. Kh1 f6 11. Be3 f5 12. Nd1 d5 13. Nxd4 cxd4 14. Bh6 Bxh6 15. Qxh6 e5 16. exf5 gxf5 17. f4 e4 18. Nf2 a5 19. c3 Ra6 20. Qh5 dxc3 21. bxc3 Ng6 22. Qe2 Be6 23. c4 dxc4 24. dxe4 b5 25. exf5 Bxf5 26. a4 Re8 27. Qa2 Bd7 28. axb5 Bxb5 29. Qb2 Bc6 30. Bxc6 Rxc6 31. Rfd1 Qa8 32. Kg1 Nxf4 33. Rd7 Rg6 34. Qb7 Qxb7 35. Rxb7 c3 36. Rc7 Ne2+ 37. Kg2 Ra8 38. Kf1 Re6 39. Ra4 h5 40. Rc5 Kg7 41. Ne4 Rae8 42. Kxe2 Rxe4+ 43. Rxe4 Rxe4+ 44. Kd3 Ra4 45. Rxh5 Rc4 46. Kc2 a4 47. Rd5 Kf6 48. Rd3 a3 49. Rd1 Rb4 50. Kxc3 Rb2 51. Ra1 Rxh2 1/2-1/2

[Event "Dieren op"]
[Site "Dieren"]
[Date "2003.07.23"]
[Round "2"]
[White "Van Lanen, Toon"]
[Black "Van den Dikkenberg, Erik"]
[Result "1/2-1/2"]
[WhiteElo "2149"]
[BlackElo "2277"]
[PlyCount "51"]
[EventDate "2003.07.22"]
[EventType "swiss"]
[EventRounds "9"]
[EventCountry "NED"]
[SourceTitle "CBM 095 Extra"]
[Source "ChessBase"]
[SourceDate "2003.09.04"]
[SourceVersion "1"]
[SourceVersionDate "2003.09.04"]
[SourceQuality "1"]

1. e4 c5 2. Nc3 Nc6 3. g3 g6 4. Bg2 Bg7 5. d3 d6 6. Nge2 Rb8 7. 0-0 e6 8. Be3 Nd4 9. Qd2 b5 10. Nd1 b4 11. Nc1 Ne7 12. c3 bxc3 13. bxc3 Ndc6 14. Bh6 0-0 15. Bxg7 Kxg7 16. f4 d5 17. g4 f5 18. gxf5 exf5 19. exd5 Nxd5 20. Nb3 Qd6 21. Bxd5 Qxd5 22. Ne3 Qd6 23. Nc4 Qd5 24. Ne3 Qd6 25. Nc4 Qd5 26. Ne3 1/2-1/2

[Event "Dieren op"]
[Site "Dieren"]
[Date "2003.07.22"]
[Round "1"]
[White "Wustefeld, Emile"]
[Black "Van Lanen, Toon"]
[Result "1/2-1/2"]
[WhiteElo "2321"]
[BlackElo "2149"]
[PlyCount "122"]
[EventDate "2003.07.22"]
[EventType "swiss"]
[EventRounds "9"]
[EventCountry "NED"]
[SourceTitle "CBM 095 Extra"]
[Source "ChessBase"]
[SourceDate "2003.09.04"]
[SourceVersion "1"]
[SourceVersionDate "2003.09.04"]
[SourceQuality "1"]

1. e4 c5 2. Nc3 Nc6 3. g3 g6 4. Bg2 Bg7 5. d3 e6 6. Be3 d6 7. Qd2 Qa5 8. f4 Nge7 9. Nf3 Nd4 10. 0-0 Nec6 11. g4 h5 12. g5 Bd7 13. Nh4 0-0-0 14. Kh1 Kb8 15. a3 Rc8 16. Rab1 a6 17. Qf2 Ka8 18. Nd1 Qa4 19. c3 Nb3 20. Qe2 Rhe8 21. Bg1 Qb5 22. Ne3 Nca5 23. Rbd1 Bc6 24. Nc4 Nxc4 25. dxc4 Qa4 26. Rxd6 Bf8 27. Rdd1 Na5 28. b4 Nb3 29. Qb2 Red8 30. Rxd8 Rxd8 31. Be3 b5 32. cxb5 axb5 33. e5 Kb7 34. Rb1 c4 35. Qc2 Qxa3 36. Bxc6+ Kxc6 37. Qe4+ Kc7 38. Nf3 Qa8 39. Qxa8 Rxa8 40. Rb2 Kc6 41. Kg2 Kd5 42. Kf2 Ke4 43. Ke2 Ra3 44. Ng1 Ra1 45. Rc2 Be7 46. Nh3 Bd8 47. Nf2+ Kd5 48. Kf3 Bc7 49. Ne4 Rf1+ 50. Bf2 Rd1 51. Nf6+ Kc6 52. Be3 Rf1+ 53. Ke2 Ra1 54. Ne4 Rh1 55. Kf3 Ra1 56. Ke2 Bb8 57. Kf3 Ra3 58. Rf2 Bc7 59. Rf1 Ra2 60. Rf2 Ra1 61. Rc2 Rf1+ 1/2-1/2